00358nam a2200109Ia 4500008004100000020001800041100001800059245008700077260003100164650001200195856004100207171212s9999 xx 000 0 und d a9781909254954 aPaulin, Roger cPaulin, RogeraThe Life of August Wilhelm Schlegel, Cosmopolitan of Art and Poetry bOpen Book Publishersc2016 aHistory uhttp://jstor.org/stable/j.ctt19qggtt